| 000 | 00756nam a2200193 a 4500 | ||
|---|---|---|---|
| 005 | 20240806064121.0 | ||
| 008 | 991125s1953 ag 000 0 spa u | ||
| 035 | _aUPN01000028560 | ||
| 049 | _aCG | ||
| 050 | 4 |
_aBF173 F85 _bH58 |
|
| 100 | 1 |
_aFreud, Sigmund, _d1856-1939 |
|
| 245 | 1 | 0 |
_aHistorias clínicas de la psicoanálisis : _bv. 2 / _cSigmund Freud ; tr. Luis López-Ballesteros y de Torres. |
| 260 |
_aBuenos Aires : _bS. Rueda, _c1953. |
||
| 300 | _a251 p. | ||
| 440 | 0 |
_aObras completas de Sigmund Freud ; _v16 |
|
| 505 | 8 |
_aContiene: _tUn caso de neurosis obsesiva -- _tObservaciones psicoanalíticas sobre un caso de paranoia autobiográficamentedescrito -- _tHistoria de una neurosis infantil |
|
| 650 | 4 |
_aPsicoanálisis _91572 |
|
| 905 | _aLibro | ||
| 999 |
_c28560 _d28560 |
||